Statistics for Germany... or France?

Click here to take the quiz!

General Stats

  • This quiz has been taken 461 times
    (255 since last reset)
  • The average score is 14 of 20

Answer Stats

QuestionAnswer% Correct
Members of the European UnionBoth
98%
Highest number of international tourists (2019)France
97%
Per capita beer consumptionGermany
96%
Is a member of NATOBoth
91%
Higher steel productionGermany
91%
Higher GDP per capitaGermany
89%
Higher % of the population who can speak EnglishGermany
80%
Higher number of police killings (2018)France
78%
Higher populationGermany
78%
Higher nuclear power productionFrance
72%
Higher obesity rateGermany
72%
Highest % of MuslimsFrance
71%
Higher incarceration rateFrance
70%
Higher firearm related death rateFrance
65%
Highest % of JewsFrance
56%
Higher cost of living (2022)France
53%
Total military spendingGermany
48%
Higher milk consumption per capita (2013)Germany
43%
Higher life expectancyFrance
38%
Per capita coffee consumptionGermany
32%

Score Distribution

Percentile by Number Answered

Percent of People with Each Score

Your Score History

You have not taken this quiz since the last reset